Statistics for All 1M Cities on the World Map with letter hints

Click here to take the quiz!

General Stats

  • This quiz has been taken 6,182 times
  • The average score is 258 of 552

Answers on the Map

Answers color-coded by a green-red scale on the quiz's map according to % correct below.
Loading ...
 

Answer Stats

City % Correct
{Lo}s{ Angeles}
89%
{Mo}s{cow}
88%
{Lo}n{don}
88%
{New }Y{ork}
88%
{Mexic}o{ City}
88%
{Ma}d{rid}
87%
{Pa}r{is}
87%
{M}i{ami}
87%
{}C{airo}
86%
{San }F{rancisco}
86%
{Ba}r{celona}
86%
{Li}s{bon}
86%
{Ch}i{cago}
86%
{Be}r{lin}
86%
{Saint }P{etersburg}
85%
{T}o{kyo}
85%
{R}o{me}
85%
{Ri}o{ de Janeiro}
85%
{Dub}l{in}
85%
{Dal}l{as}
85%
{B}e{ijing}
84%
{Is}t{anbul}
84%
{An}k{ara}
84%
{Wa}s{hington}
84%
{D}e{lhi}
84%
{To}r{onto}
84%
{S}e{attle}
84%
{Ha}v{ana}
84%
{K}i{ev}
83%
{Bo}s{ton}
83%
{Li}m{a}
83%
{Me}l{bourne}
83%
{Melbourne}
83%
{Bu}e{nos Aires}
83%
{Mi}l{an}
83%
{Jo}h{annesburg}
83%
{Cape }T{own}
83%
{A}t{hens}
83%
{S}y{dney}
83%
{San}a{'a}
83%
{Port}o{}
82%
{Ja}k{arta}
82%
{Ho}u{ston}
82%
{Te}h{ran}
82%
{Sant}i{ago}
82%
{Am}s{terdam}
82%
{B}r{asília}
82%
{São }P{aulo}
82%
{B}o{gotá}
82%
{S}t{ockholm}
82%
{Man}i{la}
82%
{Mu}m{bai}
82%
{Os}l{o}
82%
{Wa}r{saw}
82%
{Va}n{couver}
82%
{Man}c{hester}
82%
{Bang}k{ok}
81%
{Bu}d{apest}
81%
{De}t{roit}
81%
{He}l{sinki}
81%
{Ale}x{andria}
81%
{Den}v{er}
80%
{At}l{anta}
80%
{Co}p{enhagen}
80%
{Buc}h{arest}
80%
{Mu}n{ich}
80%
{}B{aghdad}
80%
{Br}u{ssels}
80%
{San }D{iego}
80%
{G}l{asgow}
80%
{T}u{nis}
80%
{Na}p{les}
80%
{Al}g{iers}
80%
{V}i{enna}
79%
{Ca}r{acas}
79%
{D}u{bai}
79%
{S}h{anghai}
79%
{Ri}y{adh}
78%
{Mont}r{éal}
78%
{O}s{aka}
78%
{Per}t{h}
78%
{P}h{iladelphia}
78%
{Min}s{k}
78%
{San }J{osé}
78%
{Ca}s{ablanca}
78%
{P}r{ague}
78%
{Se}o{ul}
77%
{Ham}b{urg}
77%
{Na}i{robi}
77%
{O}t{tawa}
77%
{Ph}o{enix}
77%
{A}u{ckland}
77%
{Mar}s{eille}
77%
{La}s{ Vegas}
77%
{B}i{rmingham}
77%
{Ad}d{is Ababa}
77%
{Qu}i{to}
76%
{Ki}n{shasa}
76%
{Ab}u{ Dhabi}
76%
{S}i{ngapore}
76%
{F}r{ankfurt}
76%
{La}g{os}
76%
{Ho}n{g Kong}
76%
{Pa}n{ama City}
76%
{}L{a Paz}
76%
{Han}o{i}
76%
{D}h{aka}
76%
{Or}l{ando}
75%
{Port}l{and}
75%
{L}y{on}
75%
{H}o{ Chi Minh City}
75%
{Khar}t{oum}
75%
{Port-}a{u-Prince}
75%
{}R{abat}
75%
{Da}m{ascus}
75%
{S}o{fia}
75%
{K}u{ala Lumpur}
74%
{Gua}n{gzhou}
74%
{Ko}l{kata}
74%
{Da}k{ar}
74%
{Ka}r{achi}
74%
{Li}v{erpool}
74%
{Mi}n{neapolis}
74%
{Ku}w{ait City}
74%
{Gua}t{emala City}
74%
{T}r{ipoli}
74%
{Tai}p{ei}
74%
{Bel}g{rade}
74%
{A}m{man}
73%
{Monte}v{ideo}
73%
{Te}l{ Aviv-Jaffa}
73%
{D}o{ha}
72%
{Ra}w{alpindi}
72%
{Br}i{sbane}
72%
{Hon}o{lulu}
72%
{N}e{w Orleans}
72%
{A}c{cra}
72%
{Da}r{ es Salaam}
71%
{M}o{gadishu}
71%
{Anta}n{anarivo}
71%
{Sant}o{ Domingo}
71%
{As}u{nción}
71%
{Abu}j{a}
71%
{Au}s{tin}
71%
{Ba}k{u}
71%
{L}u{anda}
70%
{Zu}r{ich}
70%
{Va}l{encia}
70%
{Bei}r{ut}
70%
{Ro}t{terdam}
70%
{Ta}m{pa}
70%
{Valencia}
70%
{Colo}m{bo}
70%
{}E{dmonton}
70%
{Co}l{ogne}
70%
{}K{abul}
69%
{M}e{cca}
69%
{Sal}t{ Lake City}
69%
{L}e{eds}
69%
{G}u{adalajara}
69%
{Ad}e{laide}
69%
{Se}v{ille}
69%
{Ca}l{gary}
68%
{Ja}c{ksonville}
67%
{U}l{aanbaatar}
67%
{Mu}s{cat}
67%
{P}y{ongyang}
67%
{T}h{e Ruhr}
67%
{La}h{ore}
67%
{}S{acramento}
67%
{Ban}g{alore}
66%
{Chen}n{ai}
66%
{San }S{alvador}
66%
{Sa}n{ Antonio}
66%
{Bra}z{zaville}
66%
{E}l{ Paso}
66%
{C}l{eveland}
66%
{T}b{ilisi}
65%
{Bo}r{deaux}
65%
{Fr}e{etown}
65%
{Mon}t{errey}
64%
{Ka}m{pala}
64%
{Ka}t{hmandu}
64%
{Ha}r{are}
64%
{Tu}r{in}
64%
{Sa}i{nt Louis}
63%
{Na}s{hville}
63%
{I}n{dianapolis}
63%
{J}e{ddah}
63%
{Bel}o{ Horizonte}
63%
{Ye}r{evan}
63%
{Ph}n{om Penh}
63%
{Kan}s{as City}
62%
{Hyderabad}
62%
{H}y{derabad}
62%
{Du}r{ban}
62%
{Ma}n{agua}
62%
{Ba}m{ako}
62%
{Ta}s{hkent}
62%
{Xi'}a{n}
62%
{Med}e{llín}
62%
{San J}u{an}
61%
{Mana}u{s}
61%
{Lu}s{aka}
61%
{I}z{mir}
61%
{Mana}m{a}
60%
{Me}m{phis}
60%
{New}c{astle}
60%
{St}u{ttgart}
60%
{Cha}r{lotte}
60%
{Sa}p{poro}
60%
{T}e{gucigalpa}
60%
{R}e{cife}
59%
{Ant}w{erp}
59%
{C}i{ncinnati}
59%
{Ok}l{ahoma City}
59%
{Ki}g{ali}
59%
{}N{agoya}
59%
{Mo}n{rovia}
59%
{Ya}o{undé}
59%
{Ma}p{uto}
59%
{To}u{louse}
58%
{}O{dessa}
58%
{N}i{amey}
58%
{P}i{ttsburgh}
58%
{Bu}s{an}
58%
{Ab}i{djan}
58%
{A}l{eppo}
57%
{Sal}v{ador}
57%
{Mil}w{aukee}
57%
{F}e{z}
57%
{N'}D{jamena}
57%
{Yan}g{on}
57%
{Bi}s{hkek}
57%
{Ti}j{uana}
57%
{Má}l{aga}
57%
{A}h{medabad}
56%
{O}u{agadougou}
56%
{Col}u{mbus}
56%
{Che}n{gdu}
55%
{Bu}f{falo}
55%
{Co}n{akry}
55%
{Bang}u{i}
54%
{Med}i{na}
54%
{F}o{rtaleza}
54%
{Sh}e{ffield}
54%
{As}h{gabat}
54%
{T}i{anjin}
54%
{H}i{roshima}
54%
{L}o{mé}
54%
{Al}m{aty}
53%
{Lil}o{ngwe}
53%
{Ü}r{ümqi}
53%
{W}u{han}
53%
{Cal}i{}
53%
{Porto} {Alegre}
52%
{Ra}l{eigh}
52%
{Mar}r{akesh}
52%
{No}u{akchott}
52%
{}X{iamen}
51%
{Be}l{ém}
50%
{V}o{lgograd}
50%
{Po}r{t Elizabeth}
50%
{Y}e{katerinburg}
50%
{Li}l{le}
50%
{Gua}y{aquil}
50%
{Har}b{in}
49%
{An}t{alya}
49%
{Do}n{etsk}
49%
{Ka}n{o}
49%
{Hano}v{er}
49%
{N}u{remberg}
48%
{Chon}g{qing}
48%
{S}u{rabaya}
47%
{Mo}m{basa}
47%
{Chi}t{tagong}
47%
{Pu}n{e}
47%
{No}v{osibirsk}
47%
{Lo}u{isville}
46%
{Nan}j{ing}
46%
{Có}r{doba}
46%
{Ni}z{hny Novgorod}
45%
{K}h{arkiv}
45%
{R}i{chmond}
44%
{Ag}r{a}
44%
{Band}u{ng}
43%
{C}e{bu}
43%
{Sou}t{hampton}
43%
{Ros}t{ov}
43%
{Vi}r{ginia Beach}
43%
{Ja}i{pur}
43%
{O}r{an}
43%
{Kat}o{wice}
43%
{Cu}r{itiba}
42%
{N}o{ttingham}
42%
{Han}g{zhou}
42%
{Ta}n{gier}
42%
{Ka}z{an}
41%
{}G{aza}
41%
{I}s{fahan}
41%
{O}m{sk}
41%
{Mos}u{l}
40%
{Man}n{heim}
40%
{De}n{pasar}
40%
{Ma}s{hhad}
40%
{Sura}t{}
40%
{Pe}r{m}
40%
{Ma}r{acaibo}
40%
{Do}u{ala}
40%
{Bar}r{anquilla}
40%
{P}u{ebla}
39%
{}U{fa}
39%
{Da}l{ian}
39%
{Lu}c{know}
39%
{Fu}k{uoka}
39%
{D}n{ipropetrovsk}
38%
{Me}d{an}
37%
{She}n{yang}
37%
{Ba}s{ra}
37%
{}Q{ingdao}
37%
{Sa}m{ara}
37%
{}I{badan}
36%
{San}t{a Cruz}
36%
{Car}t{agena}
36%
{Man}d{alay}
36%
{}F{aisalabad}
36%
{Har}t{ford}
36%
{Co}t{onou}
35%
{Ro}s{ario}
35%
{Ch}e{lyabinsk}
35%
{Val}p{araíso}
35%
{Dam}m{am}
34%
{Ku}n{ming}
34%
{Ci}u{dad Juárez}
34%
{Mé}r{ida}
34%
{Na}t{al}
33%
{Port }H{arcourt}
33%
{H}e{fei}
33%
{Fu}z{hou}
33%
{Da}v{ao}
33%
{Me}x{icali}
32%
{Nag}p{ur}
32%
{G}e{orge Town}
32%
{}D{aegu}
32%
{Chang}s{ha}
32%
{Ca}m{pinas}
32%
{Bu}r{sa}
32%
{Se}n{dai}
30%
{Shan}t{ou}
30%
{Shi}r{az}
30%
{Zh}e{ngzhou}
30%
{Sã}o{ Luís}
30%
{Lu}b{umbashi}
30%
{Me}n{doza}
30%
{A}d{ana}
30%
{G}r{eensboro}
30%
{K}r{asnoyarsk}
29%
{Ben}i{n City}
29%
{Nan}n{ing}
29%
{A}g{adir}
29%
{E}r{bil}
29%
{Kan}p{ur}
29%
{Har}r{isburg}
29%
{Gaz}i{antep}
28%
{We}n{zhou}
28%
{Ma}k{assar}
28%
{}T{abriz}
28%
{Ka}o{hsiung}
28%
{Le}ó{n}
28%
{Kuma}s{i}
28%
{Stock}t{on}
27%
{Wu}x{i}
27%
{Na}h{a}
27%
{G}o{iânia}
26%
{M}c{Allen}
26%
{Bh}o{pal}
26%
{Vo}r{onezh}
26%
{Am}r{itsar}
25%
{Ko}n{ya}
25%
{Q}o{m}
25%
{Jo}d{hpur}
25%
{Changsh}u{}
25%
{San }P{edro Sula}
25%
{Santo}s{}
25%
{Sa}r{atov}
25%
{Chan}g{chun}
25%
{Ji}n{an}
24%
{Que}t{ta}
24%
{Va}r{anasi}
24%
{Ca}p{e Coral}
24%
{Ind}o{re}
24%
{}A{ba}
24%
{Pa}t{na}
24%
{La}n{zhou}
24%
{Pe}s{hawar}
24%
{Y}o{gyakarta}
23%
{So}u{sse}
22%
{Co}i{mbatore}
22%
{C}o{chabamba}
22%
{Tai}y{uan}
22%
{}P{alembang}
22%
{M}u{ltan}
22%
{Sh}i{jiazhuang}
21%
{An}s{han}
21%
{Con}c{epción}
21%
{M}b{uji-Mayi}
21%
{Ji}l{in}
21%
{To}l{uca}
21%
{Al}l{ahabad}
21%
{P}o{inte-Noire}
21%
{Z}i{bo}
21%
{Ni}n{gbo}
21%
{B}h{ilai}
20%
{Ag}u{ascalientes}
20%
{}H{aikou}
20%
{Sa}l{em}
20%
{Ki}r{kuk}
20%
{Gwa}n{gju}
20%
{O}k{ayama}
20%
{J}o{ão Pessoa}
20%
{K}o{chi}
20%
{Ka}d{una}
20%
{F}u{ji}
20%
{Vi}t{ória}
20%
{A}n{geles}
20%
{Na}n{chang}
20%
{San }L{uis Potosí}
19%
{Maraca}y{}
19%
{Ka}y{seri}
19%
{B}u{caramanga}
19%
{Te}r{esina}
19%
{Bao}t{ou}
19%
{M}y{sore}
18%
{Ma}i{duguri}
18%
{Vi}s{hakhapatnam}
18%
{Gu}j{ranwala}
18%
{Dae}j{eon}
18%
{Ki}t{akyushu}
18%
{Tor}r{eón}
18%
{Hu}h{ehot}
18%
{O}n{itsha}
18%
{Tai}n{an}
18%
{Mad}u{rai}
18%
{Ah}v{az}
18%
{X}u{zhou}
18%
{Ci}x{i}
18%
{Ma}c{eió}
18%
{Chang}z{hou}
18%
{Tai}c{hung}
18%
{C}h{andigarh}
17%
{Ul}s{an}
17%
{Bar}q{uisimeto}
17%
{S}r{inagar}
17%
{Ku}m{amoto}
17%
{Gui}y{ang}
17%
{Hu}i{zhou}
17%
{Se}m{arang}
17%
{Ra}j{kot}
17%
{Ha}m{amatsu}
16%
{Ko}t{ā}
16%
{Mala}n{g}
16%
{Qi}q{ihar}
16%
{Ba}o{ding}
16%
{Gu}w{ahati}
16%
{Q}u{erétaro}
16%
{Lu}d{hiana}
16%
{Wuh}u{}
15%
{Ben}x{i}
15%
{Ba}t{am}
15%
{Gu}i{lin}
15%
{}V{adodara}
15%
{Sura}k{arta}
15%
{G}w{alior}
15%
{Da}t{ong}
15%
{Nan}t{ong}
15%
{Bh}u{baneswar}
14%
{Kh}u{lna}
14%
{Ra}n{chi}
14%
{An}y{ang}
14%
{Ā}s{ansol}
14%
{Au}r{angabad}
14%
{Ba}n{dar Lampung}
14%
{Li}n{yi}
14%
{Xin}i{ng}
14%
{Lu}o{yang}
14%
{Yan}t{ai}
14%
{Jin}i{ng}
14%
{Nas}i{k}
14%
{Tai}z{hou}
14%
{}J{abalpur}
14%
{Da}q{ing}
14%
{P}e{kanbaru}
14%
{Hu}b{li}
14%
{Me}e{rut}
14%
{Chang}w{on}
14%
{C}u{ernavaca}
14%
{Ja}m{shedpur}
14%
{Bao}j{i}
13%
{Pu}t{ian}
13%
{Ka}i{feng}
13%
{Ch}o{nburi}
13%
{Vi}j{ayawada}
13%
{Tang}s{han}
13%
{Shi}z{uoka}
13%
{Chi}f{eng}
13%
{W}e{ifang}
13%
{Bar}e{illy}
13%
{Al}ī{garh}
13%
{Be}n{gbu}
13%
{Dha}n{bad}
13%
{Mo}r{ādābād}
13%
{Yang}z{hou}
12%
{Qin}h{uangdao}
12%
{Se}r{ang}
12%
{H}u{ai'an}
12%
{Ha}n{dan}
12%
{}W{anzhou}
12%
{Li}u{zhou}
12%
{Huai}b{ei}
12%
{Yi}n{chuan}
12%
{Huai}n{an}
12%
{Yi}w{u}
12%
{Zh}u{hai}
12%
{Zhu}z{hou}
12%
{Xiang}y{ang}
12%
{}Z{hangjiakou}
11%
{Zhan}j{iang}
11%
{Sh}o{lapur}
11%
{Ca}n{gnan}
11%
{Nan}y{ang}
11%
{He}n{gyang}
11%
{Tiru}p{pur}
11%
{J}i{angyin}
11%
{}M{a'anshan}
11%
{Mia}n{yang}
11%
{Jin}z{hou}
11%
{J}u{llundur}
11%
{Ta}i{'an}
11%
{Nanch}o{ng}
11%
{Ma}o{ming}
11%
{Ti}r{uchirappalli}
10%
{Xin}x{iang}
10%
{Ri}z{hao}
10%
{Z}u{nyi}
10%
{Qing}y{uan}
9%
{Y}i{chang}
9%
{L}i{anyungang}
9%
{Zhen}j{iang}
9%
{Jia}o{zuo}
9%
{Xian}g{tan}
9%
{}Y{ancheng}
8%
{Xi}n{gtai}
8%

Score Distribution

Percentile by Number Answered

Percent of People with Each Score

Your Score History

You have not taken this quiz